RN mental health nursing review module / (Record no. 11014)
[ view plain ]
| 000 -LEADER | |
|---|---|
| fixed length control field | 00538cam a22001577a 4500 |
| 020 ## - ISBN | |
| International Standard Book Number | 9781933107813 |
| 050 00 - LIBRARY OF CONGRESS CALL NUMBER | |
| Classification Number | RC440 |
| Item Number | .M46 2011 |
| 245 00 - TITLE | |
| Title | RN mental health nursing review module / |
| Statement of responsibility, etc | edited by Audrey Knippa et...al. |
| 250 ## - EDITIONSTATEMENT | |
| Edition statement | 8th ed. |
| 260 ## - PUBLICATION, DISTRIBUTION, ETC.(IMPRINT) | |
| Place of publication, distribution, etc | [USA] : |
| Name of publisher, distributor, etc | Assessment Technologies Institute, |
| Date of publication, distribution, etc | c2011. |
| 300 ## - PHYSICAL DESCRIPTION | |
| Extent | xv, 289 p. : |
| 650 ## - SUBJECT--TOPIC | |
| General subdivision | Psychiatric nursing ; |
| -- | National Council Licensure Examination for Registered Nurses ; |
| -- | United States. |
| 700 1# - ADDED ENTRY--PERSONAL AUTHOR | |
| Personal Name | Clarke, Victoria, |
| 700 1# - ADDED ENTRY--PERSONAL AUTHOR | |
| Personal Name | Walsh, Andrew, |
| 942 ## - ADDED ENTRY ELEMENTS(KOHA) | |
| Source of classification or shelving scheme | Library of Congress Classification |
| Koha item type | General circulation |
| Source of classification or shelving scheme | Not for loan | Location (home branch) | Sublocation (holding branch) | Shelving location | Date accessioned | Cost, normal purchase price | Full call number | Barcode | Cost, replacement price | Nonpublic note | Koha item type | Public note |
|---|---|---|---|---|---|---|---|---|---|---|---|---|
| Library of Congress Classification | Main Campus Library | Main Campus Library | 15/02/2016 | 428.00 | RC440 .M46 2011 | 2016/014740 | 470.00 | Nzk | General circulation | Nzk |